NLSUI OPAC header image

Responsibility-sharing in dealing with refugee crisis : challenges and solutions (Record no. 217507)

MARC details
000 -LEADER
fixed length control field 00500nam a2200133Ia 4500
005 - DATE AND TIME OF LATEST TRANSACTION
control field 20260209120145.0
008 - FIXED-LENGTH DATA ELEMENTS--GENERAL INFORMATION
fixed length control field 260209s9999||||xx |||||||||||||| ||und||
100 ## - MAIN ENTRY--PERSONAL NAME
Personal name Neha Shree Bhatnagar
245 #0 - TITLE STATEMENT
Title Responsibility-sharing in dealing with refugee crisis : challenges and solutions
260 ## - PUBLICATION, DISTRIBUTION, ETC.
Place of publication, distribution, etc. BangaloreBangalore
Name of publisher, distributor, etc. NLSIU, Bangalore
Date of publication, distribution, etc. 2021
300 ## - PHYSICAL DESCRIPTION
Extent 54 p. ; 25 cm.
700 ## - ADDED ENTRY--PERSONAL NAME
Personal name Prof. Govindraj Hegde - GuideProf. Govindraj Hegde - Guide
856 ## - ELECTRONIC LOCATION AND ACCESS
Uniform Resource Identifier <a href="https://dans.nls.ac.in/handle/123456789/875">https://dans.nls.ac.in/handle/123456789/875</a>
Holdings
Withdrawn status Lost status Damaged status Not for loan Home library Current library Date acquired Total Checkouts Barcode Date last seen Price effective from Koha item type
        . . 09.02.2026   LLM872 09.02.2026 09.02.2026 Dissertation